KAR JEHAN DRAZ HAY (Record no. 569052)

000 -LEADER
fixed length control field 00219nam a22000977a 4500
082 ## - DEWEY DECIMAL CLASSIFICATION NUMBER
Classification number 891.4393 QUR
100 ## - MAIN ENTRY--PERSONAL NAME
Personal name QURAT UL AIN
9 (RLIN) 1394
245 ## - TITLE STATEMENT
Title KAR JEHAN DRAZ HAY
260 ## - PUBLICATION, DISTRIBUTION, ETC.
Name of publisher, distributor, etc. SANG E MEEL PUBLISHER
Date of publication, distribution, etc. 2001
942 ## - ADDED ENTRY ELEMENTS (KOHA)
Koha item type Book
Holdings
Withdrawn status Lost status Damaged status Not for loan Permanent Location Current Location Shelving location Date acquired Total Checkouts Full call number Barcode Date last seen Price effective from Koha item type
        College of Electrical & Mechanical Engineering (CEME) College of Electrical & Mechanical Engineering (CEME) General Stacks 07/17/2017   891.4393 QUR CEM-35766 06/28/2021 06/28/2021 Book
© 2023 Central Library, National University of Sciences and Technology. All Rights Reserved.